Most famous roblox games of all time - Statistics

General Stats
  • This quiz has been taken 4 times
  • The average score is 1 of 10
Answer Stats
Picture Answer % Correct
Eat Blobs Simulator
67%
أنا أحب حرفة الحياة
33%
cotton fields simulator
0%
KAI CENATE IN AREA 51
0%
Meat-town
0%
MEET CHRISTIANO RONALDO FAMILYz
0%
Rainbow lucky block roblox fortnite grimace shake baby gronk
0%
steal roblox games to pay grandpas bail tycoon
0%
SURVIVE SKIBIDI TOILET KILLER
0%
The grimace survival. Cotton eye joe
0%
No matching quizzes found
Score Distribution
Percent of People with Each Score
Percentile by Number Answered
Your Score History
You have not taken this quiz